| 000 | nam a22 a 4500 | ||
|---|---|---|---|
| 999 |
_c3177 _d3177 |
||
| 003 | AKMAL | ||
| 005 | 20170519160929.0 | ||
| 008 | 170519s1986 my 00 eng d | ||
| 020 | _a9679999610 | ||
| 040 |
_aAKMAL _cAKMAL |
||
| 082 | 0 | 4 | _a658.400722 TEA |
| 090 |
_a658.400722 _bTEA |
||
| 245 | 0 | 0 |
_aTeaching guide to Malaysian management cases : _bvolume one / _cedited by Bien Mei Nien |
| 260 |
_aKuala Lumpur : _bYayasan Pengurusan Malaysia, _c1986 |
||
| 300 | 0 | 0 |
_ai, 95p. ; _c25cm |
| 650 | 0 |
_aManagement _xCase studies _zMalaysia _96525 |
|
| 650 | 0 |
_aManagement science _xCase studies _96544 |
|
| 700 | 1 |
_aBien, Mei Nien _96545 |
|
| 942 |
_2ddc _cBOOK |
||